大分県の戦前市制・町制 - Statistics

General Stats
  • This quiz has been taken 101 times
  • The average score is 30 of 51
Answer Stats
施行日 施行内容 所属郡 回答 % Correct
1924.04.01 市制 (市) 別府市
97%
1929.04.20 市制 (市) 中津市
97%
1889.04.01 町制 速見郡 日出町
95%
1889.04.01 町制 速見郡 杵築町
95%
1889.04.01 町制 北海部郡 臼杵町
95%
1889.04.01 町制 宇佐郡 宇佐町
95%
1889.04.01 町制 西国東郡 高田町
92%
1889.04.01 町制 大分郡 大分町
92%
1889.04.01 町制 南海部郡 佐伯町
92%
1921.01.01 町制 北海部郡 津久見町
92%
1941.04.29 市制 (市) 佐伯市
92%
1889.04.01 町制 直入郡 竹田町
90%
1889.04.01 町制 下毛郡 中津町
90%
1893.04.11 町制 速見郡 別府町
90%
1940.12.11 市制 (市) 日田市
90%
1889.04.01 町制 大分郡 鶴崎町
87%
1911.04.01 市制 (市) 大分市
87%
1894.11.16 町制 東国東郡 国東町
85%
1889.04.01 町制 北海部郡 佐賀関町
82%
1928.08.01 町制 大野郡 大野町
74%
1902.04.04 町制 大野郡 三重町
69%
1927.04.01 町制 直入郡 玖珠町
67%
1889.04.01 町制 日田郡 豆田町
64%
1938.10.01 町制 宇佐郡 安心院町
64%
1898.05.03 町制 東国東郡 武蔵町
62%
1911.01.01 町制 南海部郡 蒲江町
62%
1891.11.02 町制 宇佐郡 四日市町
59%
1903.02.03 町制 大野郡 犬飼町
59%
1893.12.01 町制 玖珠郡 森町
51%
1897.03.09 町制 東国東郡 安岐町
51%
1919.01.01 町制 西国東郡 香々地町
49%
1920.01.01 町制 北海部郡 坂ノ市町
49%
1913.01.01 町制 東国東郡 竹田津町
46%
1891.05.24 町制 宇佐郡 長洲町
44%
1889.04.01 町制 日田郡 隈町
41%
1920.01.01 町制 直入郡 久住町
41%
1940.07.01 町制 宇佐郡 柳ヶ浦町
38%
1938.10.01 町制 速見郡 中山香町
36%
1889.04.01 町制 大分郡 西大分町
28%
1906.06.30 町制 直入郡 玉来町
26%
1921.01.01 町制 大分郡 戸次町
26%
1897.03.09 町制 東国東郡 富来町
21%
1898.03.19 町制 速見郡 豊岡町
21%
1898.09.27 町制 速見郡 立石町
21%
1901.11.01 町制 速見郡 御越町
21%
1921.04.01 町制 東国東郡 来浦町
21%
1923.04.01 町制 東国東郡 西安岐町
21%
1940.11.03 町制 下毛郡 今津町
21%
1893.04.11 町制 速見郡 浜脇町
18%
1928.04.01 町制 北海部郡 青江町
18%
1895.07.12 町制 西国東郡 玉津町
13%
No matching quizzes found
Score Distribution
Percent of People with Each Score
Percentile by Number Answered
Your Score History
You have not taken this quiz